|
|
|
|
| LEADER |
00000nam0a2200000 4500 |
| 001 |
68513 |
| 005 |
20231031074938.0 |
| 035 |
|
|
|a (RuTPU)RU\TPU\book\72963
|
| 090 |
|
|
|a 68513
|
| 100 |
|
|
|a 20041006d1979 km y0rusy50 ca
|
| 101 |
0 |
|
|a rus
|
| 102 |
|
|
|a RU
|
| 105 |
|
|
|a y z 001zy
|
| 200 |
1 |
|
|a Управление энергетикой предприятия
|f А. С. Некрасов, Ю. В. Синяк
|
| 210 |
|
|
|a Москва
|c Энергия
|d 1979
|
| 215 |
|
|
|a 294 с.
|
| 320 |
|
|
|a Библиогр.: с. 280-284
|
| 610 |
1 |
|
|a промышленные предприятия
|
| 610 |
1 |
|
|a энергетическое хозяйство
|
| 610 |
1 |
|
|a управление
|
| 610 |
1 |
|
|a автоматизация
|
| 610 |
1 |
|
|a планирование
|
| 610 |
1 |
|
|a ремонтное оборудование
|
| 675 |
|
|
|a 658.26.011.56
|v 3
|
| 700 |
|
1 |
|a Некрасов
|b А. С.
|g Александр Семенович
|
| 701 |
|
1 |
|a Синяк
|b Ю. В.
|g Юрий Владимирович
|
| 801 |
|
1 |
|a RU
|b 63413507
|c 20041006
|g PSBO
|
| 801 |
|
2 |
|a RU
|b 63413507
|c 20161025
|g PSBO
|
| 942 |
|
|
|c BK
|